UBT Library

Financial accounting theory / (Record no. 1160)

000 -LEADER
fixed length control field 00425nam a22001697a 4500
008 - FIXED-LENGTH DATA ELEMENTS--GENERAL INFORMATION
fixed length control field 150923b xxu||||| |||| 00| 0 eng d
020 ## - INTERNATIONAL STANDARD BOOK NUMBER
International Standard Book Number 0131294911
041 0# - LANGUAGE CODE
Language code of text/sound track or separate title eng
080 ## - UNIVERSAL DECIMAL CLASSIFICATION NUMBER
Universal Decimal Classification number 658
245 ## - TITLE STATEMENT
Title Financial accounting theory /
Statement of responsibility, etc William R. Scott.
250 ## -
-- 4th ed.
260 ## -
-- Toronto:
-- Pearson;
-- 2005.
300 ## -
-- 427 f.:
-- me il.;
-- 23 cm.
650 #0 -
-- Kontabilitet
650 #0 -
-- Financiar
942 ## - ADDED ENTRY ELEMENTS (KOHA)
Source of classification or shelving scheme
Item type Books
Holdings
Withdrawn status Lost status Source of classification or shelving scheme Damaged status Not for loan Collection code Permanent location Current location Shelving location Date acquired Total Checkouts Full call number Barcode Date last seen Price effective from Koha item type
          Koleksioni i përgjithshem UBT - Lipjan UBT - Lipjan Koleksioni i përgjithshem 09/23/2015   658 SCO 002-007653 09/23/2015 09/23/2015 Books
UBT Library © 2015-2024. All rights reserved University Education for Business and Technology